| 000 | 02462cam a22003251i 4500 | ||
|---|---|---|---|
| 003 | SA-RiAUC | ||
| 005 | 20250129060438.0 | ||
| 008 | 250128s1994 le g 000 0 ara c | ||
| 040 |
_aSA-RiAUC _bara _cSA-RiAUC _erda |
||
| 082 | 0 | 4 |
_a251 _qSA-RiAUC |
| 090 |
_a251 _bا ب ن ر |
||
| 100 | 1 |
_aابن رشد، محمد بن أحمد بن محمد (الحفيد)، _d520-595 هجري _eمؤلف. |
|
| 245 | 1 | 2 |
_aالضروري في أصول الفقه، أو، مختصر المستصفى / _cلأبي الوليد محمد بن رشد ؛ تقديم وتحقيق وتصدير جمال الدين العلوي، محمد علال سيناصر. |
| 246 | 3 | 3 | _aمختصر المستصفى |
| 250 | _aالطبعة الأولى. | ||
| 264 | 1 |
_aبيروت : _bدار الغرب الإسلامي، _c1994 |
|
| 300 |
_a158 صفحة ؛ _c24 سم. |
||
| 336 |
_aنص _btxt _2rdacontent _3كتاب |
||
| 337 |
_aبدون وسيط _bn _2rdamedia |
||
| 338 |
_aمجلد _bnc _2rdacarrier |
||
| 490 | 0 |
_aسلسلة المتن الرشدي ؛ _v1 |
|
| 650 | 7 |
_aأصول الفقه الإسلامي _2aucsh |
|
| 700 | 1 |
_aالعلوي، جمال الدين، _d1945-1992 _eمقدم. |
|
| 700 | 1 |
_aسيناصر، محمد علال، _d1941- _eمقدم. |
|
| 856 |
_uhttp://saaid.net/book/open.php?cat=103&book=1503 _yExternal Link _2 نرجو الانتباه لإمكانية وجود اختلاف في الطبعة أو الناشر بين البيانات على البوابة وما ستجده على الكتاب نظرا لمحدودية المعلومات المتاحة على الموقع الناشر للمادة. _3Please note that there may be a difference in the edition or publisher between the data on the portal and the book due to the limited information available on the publisher website for the material. |
||
| 856 |
_uhttp://www.saaid.net/book/4/781.doc _yDigital Copy _2 نرجو الانتباه لإمكانية وجود اختلاف في الطبعة أو الناشر بين البيانات على البوابة وما ستجده على الكتاب نظرا لمحدودية المعلومات المتاحة على الموقع الناشر للمادة. _3Please note that there may be a difference in the edition or publisher between the data on the portal and the book due to the limited information available on the publisher website for the material. |
||
| 899 | _aكتب | ||
| 942 |
_2ddc _cBOOK _n0 |
||
| 949 |
_aSA-JeALM _d250128 _uosman123 _n1 |
||
| 999 |
_c5362 _d5362 |
||